| 000 | 00683nam a2200241Ia 4500 | ||
|---|---|---|---|
| 003 | OSt | ||
| 005 | 20220927105314.0 | ||
| 006 | a|||||r|||| 00| 0 | ||
| 007 | ta | ||
| 008 | 220926b |||||||| |||| 00| 0 eng d | ||
| 020 | _a9788189262174 | ||
| 024 | _a191835 | ||
| 037 | _cReference Collections | ||
| 040 |
_aRTL _cRTL _beng |
||
| 041 |
_2eng _aeng |
||
| 082 | _a"X91.2.P, P8/GD" | ||
| 100 |
_aSINGH Yashika _9371575 |
||
| 245 | 0 |
_aEmerging SMEs _b Pune 2008 |
|
| 260 |
_aChennai _bDun and Bradstreet _c2008 |
||
| 300 |
_a"xlix, 59+106p" _ccm. |
||
| 942 |
_h"X91.2.P, P8/GD" _cCC |
||
| 999 |
_c691709 _d691709 |
||